AUTOMATION PRODUCTION SYSTEMS COMPUTER INTEGRATED MANUFACTURING (Record no. 24968)

MARC details
000 -LEADER
fixed length control field 00363nam a22001457a 4500
003 - CONTROL NUMBER IDENTIFIER
control field SGT
020 ## - INTERNATIONAL STANDARD BOOK NUMBER
International Standard Book Number 9789332572492
082 ## - DEWEY DECIMAL CLASSIFICATION NUMBER
Classification number 670.427,GRO
100 ## - MAIN ENTRY--PERSONAL NAME
Personal name GROOVER MIKELL P.
245 ## - TITLE STATEMENT
Title AUTOMATION PRODUCTION SYSTEMS COMPUTER INTEGRATED MANUFACTURING
260 ## - PUBLICATION, DISTRIBUTION, ETC. (IMPRINT)
Place of publication, distribution, etc INDIA
Name of publisher, distributor, etc PEARSON
Year of Publication 2022
300 ## - PAGE DESCRIPTION
No. of Pages 816
650 ## - SUBJECT ADDED ENTRY--TOPICAL TERM
Topical term or geographic name as entry element COMPUTER SCIENCE
942 ## - ADDED ENTRY ELEMENTS (KOHA)
Source of classification or shelving scheme Dewey Decimal Classification
Koha item type Books
942 ## - ADDED ENTRY ELEMENTS (KOHA)
-- 1
Holdings
Withdrawn status Lost status Source of classification or shelving scheme Damaged status Use restrictions Not for loan Collection code Home library Current library Shelving location Date acquired Vendor Name Cost, normal purchase price SGTU Bill Number Full call number Accession No. (Barcode) Date last seen Bill Date Koha item type Total Checkouts Date last borrowed
    Dewey Decimal Classification   Restricted Access   ENGINEERING SGT Engineering Library SGT Engineering Library Reference Book 05/09/2023 AHUJA BOOK COMPANY 895.00 SGTU 16906 670.427,GRO FE8636 05/09/2023 16/06/2023 Books    
    Dewey Decimal Classification       ENGINEERING SGT Engineering Library SGT Engineering Library Text Book 05/09/2023 AHUJA BOOK COMPANY 895.00 SGTU 16906 670.427,GRO FE8637 05/09/2023 16/06/2023 Books    
    Dewey Decimal Classification       ENGINEERING SGT Engineering Library SGT Engineering Library Text Book 05/09/2023 AHUJA BOOK COMPANY 895.00 SGTU 16906 670.427,GRO FE8638 05/09/2023 16/06/2023 Books    
    Dewey Decimal Classification       ENGINEERING SGT Engineering Library SGT Engineering Library Text Book 05/09/2023 AHUJA BOOK COMPANY 895.00 SGTU 16906 670.427,GRO FE8639 05/01/2024 16/06/2023 Books 1 24/11/2023
    Dewey Decimal Classification       ENGINEERING SGT Engineering Library SGT Engineering Library Text Book 05/09/2023 AHUJA BOOK COMPANY 895.00 SGTU 16906 670.427,GRO FE8640 05/09/2023 16/06/2023 Books